Obras completas.
Guardat en:
| Autor principal: | |
|---|---|
| Format: | Llibre |
| Idioma: | espanyol |
| Publicat: |
Buenos Aires, Argentina
Imprenta, Litografía y Encuadernación La Tribuna Nacional
1886
|
| Matèries: | |
| Etiquetes: |
Afegir etiqueta
Sense etiquetes, Sigues el primer a etiquetar aquest registre!
|
MARC
| LEADER | 00000nam a2200000 a 4500 | ||
|---|---|---|---|
| 001 | UCJ6495 | ||
| 003 | CL-VaPUC | ||
| 005 | 20250103093126.0 | ||
| 008 | 070124e18860000AG |||||||||||||||||spa|d | ||
| 999 | |c 322598 |d 322596 | ||
| 040 | |c Pontificia Universidad Católica de Valparaíso | ||
| 082 | 0 | 4 | |a 982 ALB 1886 |2 21 |
| 100 | |a Alberdi, Juan Bautista, |d 1810-1884 |9 331707 | ||
| 245 | 1 | 0 | |a Obras completas. |
| 260 | 0 | 3 | |a Buenos Aires, Argentina |b Imprenta, Litografía y Encuadernación La Tribuna Nacional |c 1886 |
| 300 | |a 8 volúmenes. | ||
| 500 | |a Front. vols. 1, 5 y 8: retratos de Alberdi en diferentes épocas de su vida | ||
| 583 | |a last modification |c 20070124 00:00:00 |k Rodrigo Vera | ||
| 600 | 0 | |a Rosas, Juan Manuel de |9 438178 | |
| 600 | 0 | 7 | |a QUIROGA, FACUNDO |2 CL-VaPUC |9 507289 |
| 600 | 0 | |a Bulnes, Manuel |9 315172 | |
| 600 | 0 | |a El mercurio de valparaíso |9 445813 | |
| 600 | 0 | |a Sarmiento, Domingo Faustino |9 311947 | |
| 600 | 0 | |a Wheelwright, William, |d 1798-1873 |9 504659 | |
| 600 | 0 | 7 | |a FERROCARRIL TRANSANDINO |2 CL-VaPUC |9 513221 |
| 650 | 0 | |a Derecho constitucional |9 222588 | |
| 650 | 0 | |a Prensa y periodismo |z Chile |9 504409 | |
| 650 | 7 | |a DIARIOS Y REVISTAS |2 CL-VaPUC |9 504436 | |
| 650 | 7 | |a GUERRAS CIVILES |2 CL-VaPUC |9 361938 | |
| 650 | 0 | |a Música |9 306269 | |
| 650 | 0 | |a Poesía |9 265825 | |
| 650 | 0 | |a Estética |9 264950 | |
| 650 | 0 | |a Ética |9 255099 | |
| 650 | 0 | |a Geografía |9 259346 | |
| 650 | 0 | |a Cultura |9 269059 | |
| 650 | 7 | |a MODAS |2 CL-VaPUC |9 510150 | |
| 650 | 7 | |a URBANIDAD |2 CL-VaPUC |9 505090 | |
| 650 | 0 | |a Crítica literaria |9 269189 | |
| 650 | 7 | |a PROCESOS JUDICIALES |2 CL-VaPUC |9 513223 | |
| 650 | 7 | |a BIOGRAFIAS |2 CL-VaPUC |9 504622 | |
| 650 | 0 | |a Libertad de prensa |9 255610 | |
| 650 | 0 | |a Justicia |9 255408 | |
| 650 | 0 | |a Inmigración |9 268290 | |
| 650 | 0 | |a Derecho civil |9 255013 | |
| 650 | 0 | |a Economía |9 255568 | |
| 650 | 7 | |a GUERRA DEL PARAGUAY |2 CL-VaPUC |9 446279 | |
| 650 | 0 | |a Transporte marítimo |9 260127 | |
| 650 | 0 | |a Ferrocarriles |9 260933 | |
| 650 | 0 | |a Iconografía |9 267998 | |
| 651 | 7 | |a BUENOS AIRES |2 CL-VaPUC |9 255286 |z ARGENTINA | |
| 651 | 7 | |a TUCUMAN |2 CL-VaPUC |9 357006 |z ARGENTINA | |
| 651 | 0 | |a Brasil |9 267393 | |
| 651 | 0 | |a Patagonia |9 269580 | |
| 651 | 0 | |a Valparaíso, Chile |z CHILE |9 261144 | |
| 942 | |c BK |2 ddc | ||
| 945 | |d 20070124 00:00:00 |a rinostro | ||
| 952 | |0 0 |1 0 |4 0 |6 982_000000000000000_ALB_1886 |7 0 |8 X |9 401622 |a FDOBUD |b FDOBUD |d 2019-11-22 |h v. 1 |i 1048724 |o 982 ALB 1886 |p 1048724 |r 2019-11-22 |t 1 |w 2019-11-22 |y BK_X |k BUD | ||
| 952 | |0 0 |1 0 |4 0 |6 982_000000000000000_ALB_1886 |7 0 |8 X |9 401623 |a FDOBUD |b FDOBUD |d 2019-11-22 |h v. 2 |i 1048732 |o 982 ALB 1886 |p 1048732 |r 2019-11-22 |t 1 |w 2019-11-22 |y BK_X |k BUD | ||
| 952 | |0 0 |1 0 |4 0 |6 982_000000000000000_ALB_1886 |7 0 |8 X |9 401624 |a FDOBUD |b FDOBUD |d 2019-11-22 |h v. 3 |i 1048740 |o 982 ALB 1886 |p 1048740 |r 2019-11-22 |t 1 |w 2019-11-22 |y BK_X |k BUD | ||
| 952 | |0 0 |1 0 |4 0 |6 982_000000000000000_ALB_1886 |7 0 |8 X |9 401625 |a FDOBUD |b FDOBUD |d 2019-11-22 |h v. 4 |i 1048759 |o 982 ALB 1886 |p 1048759 |r 2019-11-22 |t 1 |w 2019-11-22 |y BK_X |k BUD | ||
| 952 | |0 0 |1 0 |4 0 |6 982_000000000000000_ALB_1886 |7 0 |8 X |9 401626 |a FDOBUD |b FDOBUD |d 2019-11-22 |h v. 5 |i 1048767 |o 982 ALB 1886 |p 1048767 |r 2019-11-22 |t 1 |w 2019-11-22 |y BK_X |k BUD | ||
| 952 | |0 0 |1 0 |4 0 |6 982_000000000000000_ALB_1886 |7 0 |8 X |9 401627 |a FDOBUD |b FDOBUD |d 2019-11-22 |h v. 6 |i 1048775 |o 982 ALB 1886 |p 1048775 |r 2019-11-22 |t 1 |w 2019-11-22 |y BK_X |k BUD | ||
| 952 | |0 0 |1 0 |4 0 |6 982_000000000000000_ALB_1886 |7 0 |8 X |9 401628 |a FDOBUD |b FDOBUD |d 2019-11-22 |h v. 7 |i 1048783 |o 982 ALB 1886 |p 1048783 |r 2019-11-22 |t 1 |w 2019-11-22 |y BK_X |k BUD | ||
| 952 | |0 0 |1 0 |4 0 |6 982_000000000000000_ALB_1886 |7 0 |8 X |9 401629 |a FDOBUD |b FDOBUD |d 2019-11-22 |h v. 8 |i 1048791 |o 982 ALB 1886 |p 1048791 |r 2019-11-22 |t 1 |w 2019-11-22 |y BK_X |k BUD | ||